Formule 1 - Pilotes mexicains - Statistiques

Statistiques générales
  • Ce quiz a été pris 28 fois
  • Le résultat moyen est 3 sur 6
Statistiques - réponses
Par images Réponse % Correct
Sergio Pérez
100%
Esteban Gutiérrez
50%
Pedro Rodríguez
50%
Ricardo Rodríguez
45%
Hector Rebaque
15%
Moisés Solana
5%
Aucun quiz correspondant
Distribution des résultats
% des personnes avec chaque résultat
Percentile par nombre de réponses
Votre historique - résultats
Vous n’avez pas pris ce quiz